Fr. Conceicao Rodrigues College of Engineering

80386 Microprocessor handbook (Record no. 26772)

MARC details
000 -LEADER
fixed length control field 00302nam a2200133Ia 4500
082 ## - DEWEY DECIMAL CLASSIFICATION NUMBER
Classification number 621.3819
Item number PAP
100 ## - MAIN ENTRY--PERSONAL NAME
Personal name Pappas/C.H/ Murray W.H
245 ## - TITLE STATEMENT
Title 80386 Microprocessor handbook
260 ## - PUBLICATION, DISTRIBUTION, ETC.
Name of publisher, distributor, etc. McGraw Hill
Place of publication, distribution, etc. California
Date of publication, distribution, etc. 1985
300 ## - PHYSICAL DESCRIPTION
Extent 434
546 ## - LANGUAGE NOTE
Language note ENGLISH
654 ## - SUBJECT ADDED ENTRY--FACETED TOPICAL TERMS
Focus term 80386
942 ## - ADDED ENTRY ELEMENTS (KOHA)
Koha item type BOOK
Holdings
Withdrawn status Lost status Damaged status Not for loan Collection Home library Current library Shelving location Date acquired Cost, normal purchase price Total Checkouts Full call number Barcode Date last seen Cost, replacement price Price effective from Koha item type Source of acquisition
        CRC Fr. Agnel's C.Rodrigues College of Engineering Fr. Agnel's C.Rodrigues College of Engineering   17/03/2023 364.53   621.3819 PAP 2617 17/03/2023 364.53 17/03/2023 BOOK  
        CRC Fr. Agnel's C.Rodrigues College of Engineering Fr. Agnel's C.Rodrigues College of Engineering   17/03/2023 630.42   4.16 PAN 6706 17/03/2023 630.42 17/03/2023 BOOK global books